000 03659nam a22005895i 4500
001 978-3-031-16329-6
003 DE-He213
005 20250103112330.0
007 cr nn 008mamaa
008 230328s2023 sz | s |||| 0|eng d
020 _a9783031163296
_9978-3-031-16329-6
024 _a10.1007/978-3-031-16329-6
_2doi
050 _aTA357-359
072 _aTGMF
_2bicssc
072 _aTEC009070
_2bisacsh
072 _aTGMF
_2thema
082 _a620.1064
_223
245 _aContemporary Ideas on Ship Stability
_h[electronic resource] :
_bFrom Dynamics to Criteria /
_cedited by Kostas J. Spyrou, Vadim L. Belenky, Toru Katayama, Igor Bačkalov, Alberto Francescutto.
250 _a1st ed. 2023.
260 _aCham :
_bSpringer International Publishing :
_bImprint: Springer,
_c2023.
300 _aXI, 749 p. 467 illus., 350 illus. in color.
_bonline resource.
336 _atext
_btxt
_2rdacontent
337 _acomputer
_bc
_2rdamedia
338 _aonline resource
_bcr
_2rdacarrier
347 _atext file
_bPDF
_2rda
490 _aFluid Mechanics and Its Applications,
_x2215-0056 ;
_v134
505 _aChallenges in the mathematical modeling of dynamic stability -- Development of 2nd generation intact stability criteria -- Stochastic rolling -- Phenomena of dynamic instability in waves -- Operational stability -- Damage stability -- Roll damping -- Stability of special craft.
520 _aThis book is a selection of research papers presented in 5 consecutive International Ship Stability Workshops (ISSWs) managed by the STAB International Standing Committee in the period 2013–2019 (2013 Brest, 2014 Kuala Lumpur, 2016 Stockholm, 2017 Belgrade, 2019 Helsinki). ISSWs are a long-standing and authoritative series of international technical meetings in the field of stability of ships and ocean vehicles. The book is the fourth of a line of books started 20 years ago and having the main title “Contemporary Ideas on Ship Stability”. It focuses on the state-of-the-art ship stability criteria and covers topics such as ship dynamics in waves, roll damping, stability of damaged ships, model experiments, and effect of stability requirements on ship design and operation. This book helps the readers to understand the current state of the art in the field of ship stability and see how this comes into the development of modern criteria of ship design and operation.
650 _aFluid mechanics.
650 _aBuilding materials.
650 _aTransportation engineering.
650 _aTraffic engineering.
650 _aEngineering Fluid Dynamics.
650 _aStructural Materials.
650 _aTransportation Technology and Traffic Engineering.
700 _aSpyrou, Kostas J.
_eeditor.
_4edt
_4http://id.loc.gov/vocabulary/relators/edt
700 _aBelenky, Vadim L.
_eeditor.
_4edt
_4http://id.loc.gov/vocabulary/relators/edt
700 _aKatayama, Toru.
_eeditor.
_4edt
_4http://id.loc.gov/vocabulary/relators/edt
700 _aBačkalov, Igor.
_eeditor.
_4edt
_4http://id.loc.gov/vocabulary/relators/edt
700 _aFrancescutto, Alberto.
_eeditor.
_4edt
_4http://id.loc.gov/vocabulary/relators/edt
710 _aSpringerLink (Online service)
773 _tSpringer Nature eBook
776 _iPrinted edition:
_z9783031163289
776 _iPrinted edition:
_z9783031163302
776 _iPrinted edition:
_z9783031163319
830 _aFluid Mechanics and Its Applications,
_x2215-0056 ;
_v134
856 _uhttps://doi.org/10.1007/978-3-031-16329-6
912 _aZDB-2-ENG
912 _aZDB-2-SXE
999 _c12651
_d12651